000 00437nam a2200181Ia 4500
001 19201
005 20260306171726.0
008 260306s9999||||xx |||||||||||||| ||und||
041 _aESP
082 _a658.8
_bW42
100 _aWeinrauch, Donald J.
_eAUT
245 0 _aSolución de problemas en mercadotecnia
260 _c1994
300 _a366 páginas :
_c23 cm.
650 _aGEN
654 _aCAN
942 _cLIB
_dJUS
_fJUS
_2ddc
_n
999 _c19201
_d19201